[Event "Hauts de Seine-ch"]
[Site "Issy les Moulineaux"]
[Date "2013.06.16"]
[Round "5"]
[White "Corvo, Jimmy"]
[Black "Verriere, Nicolas"]
[Result "1/2-1/2"]
[WhiteElo "2011"]
[BlackElo "1769"]
[PlyCount "71"]
[EventDate "2013.06.15"]
[EventType "swiss"]
[EventRounds "5"]
[EventCountry "FRA"]
[SourceTitle "EXT 2015"]
[Source "ChessBase"]
[SourceDate "2014.11.20"]
[SourceVersion "1"]
[SourceVersionDate "2014.11.20"]
[SourceQuality "1"]

1. d4 Nf6 2. c4 g6 3. Nc3 Bg7 4. e4 d6 5. f4 0-0 6. Nf3 c5 7. d5 e6 8. dxe6 Bxe6 9. Bd3 Nc6 10. 0-0 Bg4 11. h3 Bxf3 12. Rxf3 Nd4 13. Re3 Nh5 14. Re1 Qh4 15. Nd5 Nf6 16. Be3 Nxd5 17. exd5 Rfe8 18. Qd2 Qg3 19. Qf2 Qxf2+ 20. Kxf2 a6 21. Rab1 b5 22. Bd2 b4 23. Rxe8+ Rxe8 24. Re1 Rxe1 25. Kxe1 f5 26. b3 Kf7 27. Kf2 Ke7 28. g4 Bf6 29. Kg2 Kf7 30. Be3 Ke7 31. Bxd4 Bxd4 32. gxf5 gxf5 33. Bxf5 h6 34. Kg3 Kf6 35. Be4 Bc3 36. Kg4 1/2-1/2

[Event "Paris-ch op-A"]
[Site "Paris"]
[Date "2010.07.09"]
[Round "7"]
[White "Ripert, Benjamin"]
[Black "Corvo, Jimmy"]
[Result "1/2-1/2"]
[WhiteElo "1859"]
[BlackElo "1922"]
[PlyCount "89"]
[EventDate "2010.07.03"]
[EventType "swiss"]
[EventRounds "9"]
[EventCountry "FRA"]
[SourceTitle "CBM 137 Extra"]
[Source "ChessBase"]
[SourceDate "2010.09.01"]
[SourceVersion "1"]
[SourceVersionDate "2010.09.01"]
[SourceQuality "1"]

1. e4 e5 2. Nf3 Nc6 3. Bb5 a6 4. Ba4 Nf6 5. 0-0 Be7 6. Re1 b5 7. Bb3 0-0 8. a4 Bb7 9. c3 d5 10. exd5 Nxd5 11. d3 Bf6 12. axb5 axb5 13. Rxa8 Bxa8 14. Bc2 g6 15. Bh6 Re8 16. Bb3 b4 17. Qc2 Na5 18. Ba4 Bc6 19. Nbd2 Qd7 20. Bxc6 Qxc6 21. Ne4 Bg7 22. Bxg7 Kxg7 23. Ra1 Nb7 24. Qb3 f5 25. Ng3 bxc3 26. bxc3 Qxc3 27. Qxc3 Nxc3 28. Ra7 Rb8 29. Nxe5 Nb5 30. Ra6 N7d6 31. h4 Nd4 32. Ra2 Rb1+ 33. Kh2 Rd1 34. Ne2 Re1 35. Nxd4 Rxe5 36. Rc2 Ne8 37. Rc6 Re7 38. Ne6+ Kf7 39. Ng5+ Kf8 40. Kg3 Rd7 41. d4 h6 42. Nf3 Rd6 43. Rc4 Ke7 44. Kf4 Kf6 45. Ke3 1/2-1/2

[Event "Paris-ch op-A"]
[Site "Paris"]
[Date "2010.07.04"]
[Round "2"]
[White "Corvo, Jimmy"]
[Black "Olivier, Jean"]
[Result "1-0"]
[WhiteElo "1922"]
[BlackElo "1800"]
[PlyCount "121"]
[EventDate "2010.07.03"]
[EventType "swiss"]
[EventRounds "9"]
[EventCountry "FRA"]
[SourceTitle "CBM 137 Extra"]
[Source "ChessBase"]
[SourceDate "2010.09.01"]
[SourceVersion "1"]
[SourceVersionDate "2010.09.01"]
[SourceQuality "1"]

1. d4 f5 2. c4 e6 3. g3 Nf6 4. Bg2 c6 5. Nc3 d5 6. Nh3 Be7 7. 0-0 0-0 8. Nf4 Ne4 9. cxd5 exd5 10. f3 Ng5 11. a3 Ne6 12. b4 Nxf4 13. Bxf4 a6 14. Na4 Nd7 15. Nc5 Nxc5 16. bxc5 Bf6 17. Rb1 Re8 18. Qd3 Bg5 19. Be5 Bf6 20. f4 Qe7 21. Rb6 Bxe5 22. fxe5 Be6 23. Rfb1 Ra7 24. Qb3 Bc8 25. e4 fxe4 26. Bxe4 Qe6 27. Bc2 Rf8 28. Qd3 Qh3 29. Qe2 Bg4 30. Qg2 Qh6 31. R6b3 Qe6 32. Bd3 Bf3 33. Qd2 Qg4 34. Bf1 Be4 35. R1b2 Qf5 36. Bg2 Bxg2 37. Qxg2 Qg4 38. Rd2 Rf7 39. h3 Qg5 40. Rf2 Qh5 41. Rbf3 Rxf3 42. Qxf3 Qxf3 43. Rxf3 Ra8 44. Kf2 Re8 45. Ke3 Re6 46. Kd3 h6 47. Kc3 a5 48. Kb3 Re8 49. Ka4 Ra8 50. e6 Ra7 51. e7 Ra8 52. Re3 Kf7 53. e8Q+ Rxe8 54. Rxe8 Kxe8 55. Kxa5 Kd7 56. Kb6 Kc8 57. a4 g6 58. a5 Kb8 59. a6 bxa6 60. Kxc6 Ka7 61. Kd7 1-0

[Event "Paris Apsap op 55th"]
[Site "Paris"]
[Date "2002.??.??"]
[Round "9"]
[White "Aouizerate, Robert"]
[Black "Corvo, Jimmy"]
[Result "1-0"]
[WhiteElo "1880"]
[BlackElo "1760"]
[PlyCount "49"]
[EventDate "2002.08.26"]
[EventType "swiss"]
[EventRounds "9"]
[EventCountry "FRA"]
[SourceTitle "EXT 2004"]
[Source "ChessBase"]
[SourceDate "2003.11.25"]
[SourceVersion "1"]
[SourceVersionDate "2003.11.25"]
[SourceQuality "1"]

1. d4 f5 2. g3 Nf6 3. Bg2 d5 4. c4 e6 5. Nh3 c6 6. cxd5 exd5 7. 0-0 g6 8. Bf4 Bg7 9. Be5 0-0 10. Nf4 Re8 11. Nc3 Nbd7 12. Nd3 Nxe5 13. Nxe5 Ne4 14. f4 Be6 15. e3 Qf6 16. Nxe4 fxe4 17. g4 Qh4 18. h3 Rf8 19. Qb3 Bxe5 20. fxe5 Qg3 21. Rf6 Rxf6 22. exf6 Rf8 23. Qxb7 Qxe3+ 24. Kh1 Qxd4 25. Qg7# 1-0

[Event "Paris Apsap op 54rd"]
[Site "Paris"]
[Date "2002.??.??"]
[Round "6"]
[White "Corvo, Jimmy"]
[Black "Nguyen, Marc Antoine"]
[Result "0-1"]
[WhiteElo "1760"]
[BlackElo "1980"]
[PlyCount "56"]
[EventDate "2002.08.15"]
[EventType "swiss"]
[EventRounds "9"]
[EventCountry "FRA"]
[SourceTitle "EXT 2003"]
[Source "ChessBase"]
[SourceDate "2002.11.25"]
[SourceVersion "1"]
[SourceVersionDate "2002.11.25"]
[SourceQuality "1"]

1. d4 Nf6 2. c4 e6 3. Nc3 Bb4 4. Qc2 b6 5. a3 Bxc3+ 6. Qxc3 Ne4 7. Qc2 f5 8. Nf3 Bb7 9. h4 0-0 10. Bg5 Qe8 11. e3 d6 12. Nd2 Nd7 13. Nxe4 Bxe4 14. Bd3 Bxg2 15. Rg1 Bf3 16. Be2 Qh5 17. Be7 Bxe2 18. Bxf8 Bg4 19. f3 Qxh4+ 20. Qf2 Qxf2+ 21. Kxf2 Rxf8 22. fxg4 fxg4+ 23. Kg3 h5 24. Rgf1 Nf6 25. Kh4 g6 26. Rf4 Kg7 27. Raf1 e5 28. R4f2 g5+ 0-1